000 00376pab a2200157 454500
008 180718b2010 xxu||||| |||| 00| 0 eng d
100 _aKohli, Renu
245 _aSurpervising the regulators?
260 _c2010
300 _ap.10-11.
362 _a10 Apr
650 _aFinancial administration
773 _aEconomic and Political Weekly
908 _aN
909 _a85939
999 _c85939
_d85939